LEADER 03886nam 2200709Ia 450 001 9910959279903321 005 20251117060314.0 010 $a9786612309717 010 $a9781282309715 010 $a1282309714 010 $a9780826444424 010 $a0826444423 035 $a(CKB)1000000000754742 035 $a(EBL)436962 035 $a(OCoLC)655102219 035 $a(SSID)ssj0000240101 035 $a(PQKBManifestationID)12076419 035 $a(PQKBTitleCode)TC0000240101 035 $a(PQKBWorkID)10265611 035 $a(PQKB)10013577 035 $a(MiAaPQ)EBC436962 035 $a(Perlego)804638 035 $a(iGPub)BLOM0008905 035 $a(EXLCZ)991000000000754742 100 $a19840806d1984 uy 0 101 0 $aeng 135 $aur|n|---||||| 181 $ctxt$2rdacontent 182 $cc$2rdamedia 183 $acr$2rdacarrier 200 14$aThe rural economy of England $ecollected essays /$fJoan Thirsk 205 $a1st ed. 210 $aLondon $cHambledon Press$d1984 215 $a1 online resource (xiv, 420 pages) $cillustrations 225 1 $aHistory series ;$v25 311 08$a9780907628286 311 08$a0907628281 320 $aIncludes bibliographical references and index. 327 $aContents -- Preface -- Acknowledgements -- List of Abbreviations -- I: The Content and Sources of English Agrarian History after 1500 -- II: Sources of Information on Population, 1500-1760 -- III: Unexplored Sources in Local Records -- IV: The Common Fields -- V: The Origin of the Common Fields -- VI: Tudor Enclosures -- VII: The Sales of Royalist Land during the Interregnum -- VIII: The Restoration Land Settlement -- IX: Farming in Kesteven, 1540-1640 -- X: The Isle of Axholme before Vermuyden -- XI: Horn and Thorn in Staffordshire: the Economy of a Pastoral County -- XII: Seventeenth-Century Agriculture and Social Change -- XIII: Industries in the Countryside -- XIV: The Fantastical Folly of Fashion: the English Stocking Knitting Industry, 1500-1700 -- XV: New Crops and their Diffusion: Tobacco-Growing in Seventeenth-Century England -- XVI: Projects for Gentlemen, Jobs for the Poor: Mutual Aid in the Vale of Tewkesbury, 1600-1630 -- XVII: Stamford in the Sixteenth and Seventeenth Centuries -- XVIII: The Family -- XIX: Younger Sons in the Seventeenth Century -- XX: The European Debate on Customs of Inheritance, 1500-1700 -- XXI: Horses in Early Modern England: for Service, for Pleasure, for Power -- Index. 330 $aNo one has done more to emphasise the significance of the land in early modern England that Joan Thirsk, whose writings are both an important contribution to its history and point the way for future research. The subjects of this collection include the origin and nature of the common fields, Tudor enclosures, the Commonwealth confiscation of Royalist land and its subsequent return after the Restoration, inheritance customs, and the role of industries in the rural economy, among them stocking knitting. 410 0$aHistory series (Hambledon Press) ;$vv. 25. 606 $aAgriculture$zEngland$xHistory 606 $aLand use$zEngland$xHistory 606 $aRural development$zEngland$xHistory 607 $aEngland$xEconomic conditions 607 $aEngland$xRural conditions 607 $aGreat Britain$xHistory$y18th century 607 $aGreat Britain$xHistory$yStuarts, 1603-1714 607 $aGreat Britain$xHistory$yTudors, 1485-1603 615 0$aAgriculture$xHistory. 615 0$aLand use$xHistory. 615 0$aRural development$xHistory. 676 $a330.9420091734 676 $a330.942 700 $aThirsk$b Joan$0140608 801 0$bMiAaPQ 801 1$bMiAaPQ 801 2$bMiAaPQ 906 $aBOOK 912 $a9910959279903321 996 $aThe rural economy of England$94096060 997 $aUNINA LEADER 04187nam 22006013 450 001 9910874701003321 005 20260415134743.0 010 $a1-003-71974-0 010 $a963-386-650-2 035 $a(MiAaPQ)EBC30585661 035 $a(Au-PeEL)EBL30585661 035 $a(CKB)33062891400041 035 $a(DE-B1597)665648 035 $a(DE-B1597)9789633866504 035 $a(Exl-AI)30585661 035 $a(ODN)ODN0010010279 035 $a(EXLCZ)9933062891400041 100 $a20240722d2024 uy 0 101 0 $aeng 135 $aurcnu|||||||| 181 $ctxt$2rdacontent 182 $cc$2rdamedia 183 $acr$2rdacarrier 200 10$aFrom Borderland to Burgenland $eScience, Geopolitics, Identity, and the Making of a Region 205 $a1st ed. 210 1$aBudapest :$cCentral European University Press,$d2024. 210 4$d©2024. 215 $a1 online resource (381 pages) 311 08$a963-386-649-9 327 $aCover -- Front matter -- Title page -- Copyright page -- Contents -- Acknowledgements -- Chapter 1. Introduction -- Approaches of the book -- Pictures of Burgenland -- Chapter 2. The Romance of the Monarchy -- Seen from Cisleithania -- Seen from Transleithania -- Chapter 3. Discoverers -- From language territory to territorial claim -- A tentative boundary recommendation -- The most Austrian geographer -- Burgenlandarbeit -- Pionierarbeit -- Explorers of north and south -- Chapter 4. Discoverers of Burgenland and German Geopolitics -- The Empire comes back -- Hands up, yogi! -- A German borderland in the southeast -- Chapter 5. Identity and Tourism -- Burgenland idyll -- Landeskunde, Heimatkunde -- Chapter 6. The Discovery of Burgenland in the Spatial and Temporal Perspective -- We came to bid our farewells -- Grenzland reloaded -- Chapter 7. Private Discovery$7Generated by AI. 330 $aThe area that constitutes the Austrian federal province of Burgenland belonged to the Hungarian part of the Habsburg empire until the end of World War I. This book helps us realize that geographical knowledge does not come ready-made. Instead, it is created by knowledge makers: geographers, historians, statisticians etc. This knowledge-making helped to legitimatize the area transferred between Austria and Hungary, shape the Burgenland identity, and depict its geopolitical role in the rise of national socialism. This book is about how those studying Burgenland, the creators of its geographical knowledge, saw and represented the province. It explores how they grasped the geographical characteristics of the region through their own perspective, influenced by their own professional positions, individual careers, motivations, and by the broader historical and social medium. The way the area between the provinces of Lower Austria and Styria came about as Burgenland is enthralling, as is how the people there experienced this change of sovereignty and how everyday social and economic relationships were transformed. Tracing the geographical discourses in the interwar period and beyond, the book argues that Burgenland became a successful geographical project, and departs from thoughts of subdivision, unviability, and backwardness, concentrating instead on fertility, unity, and modernization. 606 $aGeopolitics$zAustria$zBurgenland 606 $aGermans$zAustria$zBurgenland 606 $aHISTORY / Europe / Austria & Hungary$2bisacsh 607 $aBurgenland (Austria)$xHistory 607 $aBurgenland (Austria)$xPolitics and government 607 $aBurgenland (Austria)$xHistoriography 607 $aHungary$xBoundaries$zAustria 607 $aAustria$xBoundaries$zHungary 615 0$aGeopolitics 615 0$aGermans 615 7$aHISTORY / Europe / Austria & Hungary. 676 $a943.615 686 $aSOC015000$2bisacsh 700 $aJankó$b Ferenc$01749800 712 02$aOpening the Future$4fnd$4http://id.loc.gov/vocabulary/relators/fnd 801 0$bMiAaPQ 801 1$bMiAaPQ 801 2$bMiAaPQ 906 $aBOOK 912 $a9910874701003321 996 $aFrom Borderland to Burgenland$94184213 997 $aUNINA